[Event "Michigan Juniors"]
[Site "East Grand Rapids"]
[Date "2005.03.19"]
[Round "2.12"]
[White "Schmidt, Christopher"]
[Black "Johnson, Zachary"]
[Result "1/2-1/2"]
[WhiteElo "1333"]
[BlackElo "803"]
[PlyCount "92"]
[EventDate "2005.03.19"]
[EventType "swiss"]
[EventRounds "5"]
[EventCountry "USA"]
[SourceTitle "EXT 2006"]
[Source "ChessBase"]
[SourceDate "2005.11.24"]
[SourceVersion "1"]
[SourceVersionDate "2005.11.24"]
[SourceQuality "1"]

1. Nf3 Nf6 2. g3 d5 3. c4 dxc4 4. Qa4+ c6 5. Qxc4 g6 6. Bg2 Be6 7. Qa4 Bg7 8. Nc3 0-0 9. 0-0 Nbd7 10. d3 Nb6 11. Qh4 Bg4 12. Bh6 Qd7 13. Bxg7 Kxg7 14. Ne5 Qe6 15. Nxg4 Nxg4 16. Bh3 f5 17. e4 Nh6 18. Rae1 Qf7 19. exf5 Nxf5 20. Bxf5 Qxf5 21. Rxe7+ Rf7 22. Rxf7+ Qxf7 23. Re1 Re8 24. Qd4+ Kg8 25. Rxe8+ Qxe8 26. Ne4 Qf7 27. Qd8+ Qf8 28. Qxf8+ Kxf8 29. Nd6 Na4 30. b3 Nc3 31. a4 b5 32. a5 Ne2+ 33. Kf1 Nc1 34. Nb7 Nxd3 35. f4 c5 36. Nd6 a6 37. Ne4 c4 38. bxc4 b4 39. Ke2 Nb2 40. Nc5 Nxc4 41. Nxa6 b3 42. Kd3 Nxa5 43. Kc3 h5 44. Nc5 Kf7 45. h3 Kf6 46. Nd3 Kf5 1/2-1/2